000
00388nam a2200133Ia 4500
008
200619s9999 xx 000 0 und d
082
_a
923.2SHA
100
_a
Shankar D. A.
245
0
_a
Coolie (A Novel) by Mulk Raj Anand translated into Kannada
264
_a
Mysore
_b
Geetha Book House
_c
2002
300
_a
286
942
_c
IR
999
_c
120027
_d
120027